<?xml version="1.0" encoding="UTF-8"?>
<record
    xmlns:xsi="http://www.w3.org/2001/XMLSchema-instance"
    xsi:schemaLocation="http://www.loc.gov/MARC21/slim http://www.loc.gov/standards/marcxml/schema/MARC21slim.xsd"
    xmlns="http://www.loc.gov/MARC21/slim">

  <leader>01869nmm a22003494i 4500</leader>
  <controlfield tag="001">35190</controlfield>
  <controlfield tag="003">DO-SdISF</controlfield>
  <controlfield tag="005">20250702135814.0</controlfield>
  <controlfield tag="007">ta</controlfield>
  <controlfield tag="008">240529s2024    dr ||||fo||d| 00| 0 spa d</controlfield>
  <datafield tag="040" ind1=" " ind2=" ">
    <subfield code="a">DO-CGIP0051</subfield>
    <subfield code="b">spa</subfield>
    <subfield code="e">rda</subfield>
    <subfield code="c">DO-CGIP0051</subfield>
  </datafield>
  <datafield tag="100" ind1="1" ind2=" ">
    <subfield code="a">L&#xF3;pez Acosta, Douglas Johnattan</subfield>
    <subfield code="e">autor</subfield>
    <subfield code="9">34132</subfield>
  </datafield>
  <datafield tag="245" ind1="1" ind2="0">
    <subfield code="a">Agentes sociales en la pr&#xE1;ctica de actividad f&#xED;sica de los adolescentes escolares en el distrito educativo 07-07, a&#xF1;o escolar 2023-2024 /
</subfield>
    <subfield code="c">sustentada por: Douglas Johnattan L&#xF3;pez Acosta ; asesor: Luis Miguel Pacheco Ferreira</subfield>
  </datafield>
  <datafield tag="264" ind1=" " ind2="1">
    <subfield code="a">Santiago de los Caballeros :</subfield>
    <subfield code="b">ISFODOSU,</subfield>
    <subfield code="c">2024</subfield>
  </datafield>
  <datafield tag="300" ind1=" " ind2=" ">
    <subfield code="a">1 recurso en l&#xED;nea (93 p&#xE1;ginas) :</subfield>
    <subfield code="b">ilustraciones</subfield>
  </datafield>
  <datafield tag="336" ind1=" " ind2=" ">
    <subfield code="2">rdacontent</subfield>
    <subfield code="a">texto</subfield>
    <subfield code="b">txt</subfield>
  </datafield>
  <datafield tag="337" ind1=" " ind2=" ">
    <subfield code="a">Computadora</subfield>
    <subfield code="b">c</subfield>
    <subfield code="2">rdamedia</subfield>
  </datafield>
  <datafield tag="338" ind1=" " ind2=" ">
    <subfield code="a">recurso en l&#xED;nea</subfield>
    <subfield code="b">cr</subfield>
    <subfield code="2">rdacarrier</subfield>
  </datafield>
  <datafield tag="347" ind1=" " ind2=" ">
    <subfield code="2">rda</subfield>
    <subfield code="a">archivo de texto</subfield>
    <subfield code="b">PDF</subfield>
  </datafield>
  <datafield tag="502" ind1=" " ind2=" ">
    <subfield code="a">Tesis para optar por el t&#xED;tulo de Maestr&#xED;a en Educaci&#xF3;n F&#xED;sica Integral - Instituto Superior de Formaci&#xF3;n Docente Salom&#xE9; Ure&#xF1;a - ISFODOSU, Recinto LNNM, 2024.</subfield>
  </datafield>
  <datafield tag="504" ind1=" " ind2=" ">
    <subfield code="a">Referencias bibliogr&#xE1;ficas en p&#xE1;gina 61.</subfield>
  </datafield>
  <datafield tag="505" ind1="2" ind2=" ">
    <subfield code="a">Introducci&#xF3;n -- Marco te&#xF3;rico  -- La metodolog&#xED;a -- Resultados -- Discusi&#xF3;n de los resultados -- Conclusiones -- Recomendaciones -- Anexos.</subfield>
  </datafield>
  <datafield tag="610" ind1="2" ind2="4">
    <subfield code="a">Instituto Superior de Formaci&#xF3;n Docente Salom&#xE9; Ure&#xF1;a</subfield>
    <subfield code="v">Tesis</subfield>
    <subfield code="2">armarc</subfield>
    <subfield code="9">20677</subfield>
  </datafield>
  <datafield tag="650" ind1="1" ind2="4">
    <subfield code="a">Educaci&#xF3;n f&#xED;sica</subfield>
    <subfield code="2">armarc</subfield>
    <subfield code="x">Ense&#xF1;anza</subfield>
    <subfield code="9">3852</subfield>
  </datafield>
  <datafield tag="650" ind1="1" ind2="7">
    <subfield code="a">Educaci&#xF3;n secundaria</subfield>
    <subfield code="2">armarc</subfield>
    <subfield code="z">Rep&#xFA;blica Dominicana</subfield>
    <subfield code="9">3888</subfield>
  </datafield>
  <datafield tag="650" ind1="1" ind2="7">
    <subfield code="a">Ejercicio para j&#xF3;venes</subfield>
    <subfield code="x">Aspectos sociales</subfield>
    <subfield code="2">armarc</subfield>
    <subfield code="9">24502</subfield>
  </datafield>
  <datafield tag="650" ind1="1" ind2="4">
    <subfield code="a">Adolescentes</subfield>
    <subfield code="9">867</subfield>
  </datafield>
  <datafield tag="650" ind1="1" ind2="4">
    <subfield code="a">Salud escolar</subfield>
    <subfield code="9">9464</subfield>
  </datafield>
  <datafield tag="700" ind1="1" ind2=" ">
    <subfield code="a">Pacheco Ferreira, Luis Miguel</subfield>
    <subfield code="9">31269</subfield>
    <subfield code="e">asesor</subfield>
  </datafield>
  <datafield tag="856" ind1=" " ind2=" ">
    <subfield code="y">Clic para ver Texto Completo</subfield>
    <subfield code="u">https://biblioteca.isfodosu.edu.do/cgi-bin/koha/opac-retrieve-file.pl?id=c24d3891ed810437bd1bf631373ccc5a</subfield>
  </datafield>
  <datafield tag="942" ind1=" " ind2=" ">
    <subfield code="2">LOC</subfield>
    <subfield code="c">TESIS</subfield>
  </datafield>
  <datafield tag="999" ind1=" " ind2=" ">
    <subfield code="c">13459</subfield>
    <subfield code="d">13459</subfield>
  </datafield>
  <datafield tag="952" ind1=" " ind2=" ">
    <subfield code="0">0</subfield>
    <subfield code="1">0</subfield>
    <subfield code="2">ddc</subfield>
    <subfield code="4">0</subfield>
    <subfield code="7">0</subfield>
    <subfield code="a">RII</subfield>
    <subfield code="b">RII</subfield>
    <subfield code="d">2025-07-02</subfield>
    <subfield code="l">0</subfield>
    <subfield code="r">2025-07-02 13:57:41</subfield>
    <subfield code="w">2025-07-02</subfield>
    <subfield code="y">TED</subfield>
  </datafield>
</record>
